000 00479nam a2200181Ia 4500
005 20250507130210.0
008 008 250505s9999 xx 000 0 eng d
037 _aSeries Article
040 _aEASL
_beng
_cEASL
041 _aeng
_2eng
084 _qEASL
100 _aLiming Wang
_9668773
245 0 _aCivil Law; Its Humanistic Concerns
260 _aChina
_bBeijing Routledge China
_c2012
650 _aChina
942 _cSRA
999 _c1318276
_d1318276